Networking : (Record no. 36508)

MARC details
000 -LEADER
fixed length control field 00731nam a22002297a 4500
005 - DATE AND TIME OF LATEST TRANSACTION
control field 2010060304194.0
008 - FIXED-LENGTH DATA ELEMENTS--GENERAL INFORMATION
fixed length control field 100603t xxu||||| |||| 00| 0 eng d
010 ## - LCCN (DPL NO)
LC control number ENG-96276
020 ## - INTERNATIONAL STANDARD BOOK NUMBER
International Standard Book Number 9780070700413
Terms of availability 495.00
020 ## - INTERNATIONAL STANDARD BOOK NUMBER
International Standard Book Number 0070700419
Terms of availability 495.00
035 ## - SYSTEM CONTROL NUMBER
System control number EN-79809
037 ## - SOURCE OF ACQUISITION
Source of stock number/acquisition DBAD/PUB
040 ## - CATALOGING SOURCE
Original cataloging agency DPL
Language of cataloging Eng
100 ## - MAIN ENTRY--PERSONAL NAME
Personal name Hallberg, Bruce
245 ## - TITLE STATEMENT
Title Networking :
Remainder of title a beginner's guide /
Statement of responsibility, etc by Bruce Hallberg
250 ## - EDITION STATEMENT
Edition statement 5th ed.
260 ## - PUBLICATION, DISTRIBUTION, ETC. (IMPRINT)
Place of publication, distribution, etc New Delhi
Name of publisher, distributor, etc Tata McGraw Hill Education
Date of publication, distribution, etc 2010
300 ## - PHYSICAL DESCRIPTION
Extent xviii, 430p. :
Other physical details ill.
Dimensions 24 cm. (Pbk)
500 ## - GENERAL NOTE
General note includes index
942 ## - ADDED ENTRY ELEMENTS (KOHA)
Source of classification or shelving scheme Dewey Decimal Classification
Item type English Books
Call number suffix HAL
Holdings
Withdrawn status Lost status Source of classification or shelving scheme Damaged status Not for loan Collection code Home library Current library Date acquired Source of acquisition Cost, normal purchase price Total Checkouts Full call number Barcode Date last seen Copy number Cost, replacement price Koha item type
    Dewey Decimal Classification   Not For Loan Non-fiction D.B.Act.Division D.B.Act.Division 10/05/2010 DBAD/PUB 495.00   HAL EN-79809 03/06/2010 1 495.00 English Books

© Delhi Public Library
Hit Counter
free hit counter